| 000 | 00864nam a2200229 a 4500 | ||
|---|---|---|---|
| 001 | 000010371 | ||
| 005 | 20240412074217.0 | ||
| 008 | 091006s1982 dr r 001 0 spa d | ||
| 040 |
_aDO-SdBNP _bspa _cBNPHU |
||
| 082 |
_aRD861.44 _bG216p |
||
| 100 | 1 |
_aGarcía Carrasco, Félix, _d1920- _925382 |
|
| 240 | 1 | 0 | _aPoemas |
| 245 | 1 | 0 |
_aPoesías completas / _cFélix García Carrasco. |
| 260 |
_aSanto Domingo : _bTaller, _c1982. |
||
| 300 |
_a6 v. ; _c23 cm. |
||
| 505 | 2 | _av. 1. Breve aclaración -- v. 2. Escribir y publicar -- v.3. El poeta y su público -- v.5 Poesìa comprometida -- v. 6. Notas informativa -- v. 7. Introducción | |
| 590 | _aInventariado, 2018/BT | ||
| 600 | 1 | 4 |
_aGARCÍA CARRASCO, FÉLIX, _d1920- _xOBRAS _925383 |
| 650 | 0 |
_aPoesía dominicana _966 |
|
| 650 | 0 |
_aLiteratura dominicana. _967 |
|
| 910 | _aValidado. Control de calidad. MMOLINA | ||
| 999 |
_c10130 _d10130 |
||